[Event "ICS rated blitz match"]
[Site "204.178.125.65"]
[Date "2001.01.28"]
[Round "?"]
[White "MelRose21"]
[Black "Hossa"]
[Result "0-1"]
[WhiteElo "1941"]
[BlackElo "2576"]
[PlyCount "29"]
[EventDate "2001.??.??"]

1. e4 e6 2. d4 d6 3. Nc3 d5 4. exd5 exd5 5. Nf3 Nf6 6. Bd3 Be7 7. O-O O-O 8.
Re1 Re8 9. Bg5 Be6 10. Ne5 c6 11. Qf3 Nbd7 12. Bxf6 Bxf6 13. h3 Bxe5 14. dxe5
Qg5 15. Qe2 {MelRose21 resigns} 0-1

[Event "ICS rated blitz match"]
[Site "204.178.125.65"]
[Date "2001.01.28"]
[Round "?"]
[White "Hossa"]
[Black "MelRose21"]
[Result "1-0"]
[WhiteElo "2577"]
[BlackElo "1940"]
[PlyCount "33"]
[EventDate "2001.??.??"]

1. e4 d5 2. exd5 Qxd5 3. d4 e5 4. Nf3 Bg4 5. Nc3 Bb4 6. dxe5 Bxc3+ 7. bxc3
Qxd1+ 8. Kxd1 Nc6 9. Bf4 O-O-O+ 10. Ke1 Nge7 11. Bb5 Ng6 12. Bg5 f6 13. exf6
Rhe8+ 14. Kf1 h6 15. Bxc6 bxc6 16. f7 hxg5 17. fxe8=Q {MelRose21 resigns} 1-0

[Event "ICS rated blitz match"]
[Site "204.178.125.65"]
[Date "2001.01.28"]
[Round "?"]
[White "capuciluis"]
[Black "Hossa"]
[Result "0-1"]
[WhiteElo "1916"]
[BlackElo "2578"]
[PlyCount "78"]
[EventDate "2001.??.??"]

1. e4 e6 2. Nf3 d5 3. e5 Nd7 4. d4 c5 5. c3 cxd4 6. cxd4 f6 7. exf6 Ngxf6 8.
Bb5 Qa5+ 9. Nc3 Ne4 10. Bxd7+ Bxd7 11. Bd2 Qb6 12. Qc2 Nxd2 13. Qxd2 Bd6 14.
O-O O-O 15. Rfe1 Bf4 16. Qc2 Rac8 17. Ne5 Bxe5 18. Rxe5 Qxd4 19. Rae1 Qf4 20.
Qe2 d4 21. Nd1 Rc1 22. f3 Bc6 23. Nf2 Rxe1+ 24. Qxe1 Bd5 25. Kh1 Bxa2 26. Nh3
Qf6 27. Nf2 Bd5 28. Ng4 Qf4 29. h3 b6 30. Re2 d3 31. Re3 Bc4 32. Ne5 b5 33.
Nxd3 Qd4 34. Nf2 Qxb2 35. Ne4 Rd8 36. Kh2 Qd4 37. Ng5 Qf4+ 38. Kh1 Qxg5 39. Re5
Qd2 {capuciluis resigns} 0-1

[Event "ICS rated blitz match"]
[Site "204.178.125.65"]
[Date "2001.01.28"]
[Round "?"]
[White "Hossa"]
[Black "Valg"]
[Result "0-1"]
[WhiteElo "2579"]
[BlackElo "2674"]
[PlyCount "100"]
[EventDate "2001.??.??"]

1. d4 Nf6 2. Nf3 g6 3. c4 Bg7 4. Nc3 O-O 5. Bg5 d6 6. e4 h6 7. Bxf6 Bxf6 8. Qd2
Bg7 9. Bd3 Bg4 10. d5 c6 11. h3 Bxf3 12. gxf3 Nd7 13. h4 cxd5 14. cxd5 Rc8 15.
Rc1 e5 16. f4 Nc5 17. fxe5 Bxe5 18. Rc2 Qe7 19. h5 Bxc3 20. bxc3 g5 21. Qe3 f5
22. f3 fxe4 23. Bxe4 Nxe4 24. fxe4 Rf4 25. Re2 Qe5 26. Rh3 Re8 27. Rf3 Rxe4 28.
Qxe4 Qxe4 29. Rxe4 Rxe4+ 30. Kd2 Kg7 31. Kc2 Rh4 32. Re3 Rxh5 33. Re7+ Kf8 34.
Rxb7 g4 35. Rxa7 g3 36. Ra8+ Kg7 37. Re8 g2 38. Re1 Rh1 39. Re7+ Kf8 40. Rb7
g1=Q 41. Rb8+ Ke7 42. Rb7+ Kf6 43. Rb4 Qd1+ 44. Kb2 Rh2+ 45. Ka3 Qxd5 46. Rf4+
Ke5 47. Rf2 Qa5+ 48. Kb3 Qb5+ 49. Ka3 Rxf2 50. c4 Rf3# {Hossa checkmated} 0-1

[Event "ICS rated bullet match"]
[Site "204.178.125.65"]
[Date "2001.01.28"]
[Round "?"]
[White "Hossa"]
[Black "Valg"]
[Result "0-1"]
[WhiteElo "2527"]
[BlackElo "2649"]
[PlyCount "58"]
[EventDate "2001.??.??"]

1. e4 e5 2. f4 exf4 3. Nf3 g5 4. h4 g4 5. Ne5 Nf6 6. Bc4 d5 7. exd5 Bd6 8. O-O
Bxe5 9. Re1 Qe7 10. c3 f3 11. d4 Ne4 12. Rxe4 Bh2+ 13. Kxh2 Qxe4 14. Kg1 fxg2
15. Qe2 Bf5 16. Qf2 Qf3 17. Qe1+ Kd7 18. Nd2 Qh3 19. Bb5+ c6 20. Nf3 Re8 21.
dxc6+ bxc6 22. Be3 gxf3 23. Qc1 cxb5 24. a4 f2+ 25. Kxf2 g1=Q+ 26. Qxg1 Qxe3+
27. Kg2 Rg8+ 28. Kh1 Qh3+ 29. Qh2 Be4# {Hossa checkmated} 0-1

[Event "ICS rated standard match"]
[Site "204.178.125.65"]
[Date "2001.01.28"]
[Round "?"]
[White "petereks"]
[Black "Hossa"]
[Result "1-0"]
[WhiteElo "2430"]
[BlackElo "2348"]
[PlyCount "87"]
[EventDate "2001.??.??"]

1. e4 d5 2. exd5 Qxd5 3. Nc3 Qa5 4. d4 c6 5. Bc4 Bf5 6. Nf3 Nf6 7. Bd2 e6 8.
Qe2 Bxc2 9. d5 cxd5 10. Nxd5 Qd8 11. Bb5+ Nfd7 12. Rc1 Bd6 13. Rxc2 O-O 14. Bg5
Qa5+ 15. Nc3 a6 16. Bxd7 Nxd7 17. Rd2 Ne5 18. Rxd6 Nxf3+ 19. Qxf3 Qxg5 20. O-O
b5 21. Rfd1 b4 22. Ne4 Qa5 23. R6d4 Rfb8 24. a3 bxa3 25. bxa3 Qb5 26. Nd6 Qd7
27. Nc4 Qe8 28. Rd7 f5 29. Ne5 h6 30. Qc3 Rd8 31. Qc7 Rxd7 32. Rxd7 Qf8 33. Rf7
Kh7 34. Rxf8 Rxf8 35. f4 a5 36. Nd7 Ra8 37. Nc5 Re8 38. Qf7 Rb8 39. Nxe6 Rb1+
40. Kf2 Rb7 41. Qxb7 Kg6 42. Qxg7+ Kh5 43. Qg3 a4 44. Ng7# {Hossa checkmated}
1-0

[Event "ICS rated blitz match"]
[Site "204.178.125.65"]
[Date "2001.01.28"]
[Round "?"]
[White "sheaintdead"]
[Black "Hossa"]
[Result "0-1"]
[WhiteElo "1978"]
[BlackElo "2568"]
[PlyCount "86"]
[EventDate "2001.??.??"]

1. b4 Nf6 2. Bb2 g6 3. e3 Bg7 4. Nf3 O-O 5. Be2 a6 6. O-O Nc6 7. a3 d5 8. c4
dxc4 9. Bxc4 Bf5 10. d4 b5 11. Be2 Qd7 12. Nbd2 Rab8 13. Nb3 Ne4 14. Bd3 Qd5
15. Nc5 Nxc5 16. bxc5 Bg4 17. Be2 Na5 18. h3 Bf5 19. Bd3 Bxd3 20. Qxd3 Nb3 21.
Rab1 Nxc5 22. Qd2 Ne4 23. Qd3 c5 24. Nd2 Nxd2 25. Qxd2 Rfd8 26. Qa5 cxd4 27.
Rfd1 e5 28. exd4 exd4 29. Qxa6 Ra8 30. Qb6 Be5 31. Ba1 Rdb8 32. Rxd4 Qa2 33.
Rbd1 Rxb6 34. Rd8+ Rxd8 35. Rxd8+ Kg7 36. Bxe5+ f6 37. Rd7+ Kh6 38. Bf4+ g5 39.
Bg3 Qxa3 40. Bc7 Qc1+ 41. Kh2 Rb7 42. Rd6 Qxc7 43. g3 Qxd6 {sheaintdead resigns
} 0-1

[Event "ICS rated blitz match"]
[Site "204.178.125.65"]
[Date "2001.01.28"]
[Round "?"]
[White "ChesterX"]
[Black "Hossa"]
[Result "1-0"]
[WhiteElo "2595"]
[BlackElo "2569"]
[PlyCount "69"]
[EventDate "2001.??.??"]

1. e4 e6 2. d4 d5 3. Nc3 Nf6 4. Bg5 dxe4 5. Nxe4 Be7 6. Bxf6 gxf6 7. Nf3 f5 8.
Nc3 Bf6 9. Qd2 c5 10. Bb5+ Nc6 11. O-O-O cxd4 12. Nxd4 Qc7 13. Bxc6+ bxc6 14.
Qh6 Be5 15. Kb1 Rb8 16. Qe3 Bd7 17. Nxf5 exf5 18. f4 Rg8 19. g3 f6 20. Rhe1 Rg7
21. fxe5 Re7 22. Qc5 Qb7 23. b3 fxe5 24. Rxe5 Bc8 25. Rd6 Kf7 26. Qc4+ Kg7 27.
Qf4 Rxe5 28. Qh6+ Kg8 29. Rd8+ Re8 30. Rxe8+ Kf7 31. Rf8+ Ke7 32. Qf6+ Kd7 33.
Rd8+ Kc7 34. Nd5+ cxd5 35. Qd6# {Hossa checkmated} 1-0

[Event "ICS rated blitz match"]
[Site "204.178.125.65"]
[Date "2001.01.28"]
[Round "?"]
[White "Hossa"]
[Black "ChesterX"]
[Result "0-1"]
[WhiteElo "2554"]
[BlackElo "2610"]
[PlyCount "142"]
[EventDate "2001.??.??"]

1. Nf3 d5 2. d4 c6 3. Bf4 Bf5 4. e3 e6 5. Nbd2 Nf6 6. c3 Bd6 7. Bxd6 Qxd6 8.
Nh4 Bg6 9. Nxg6 hxg6 10. Qb3 Qc7 11. Nf3 Nbd7 12. Be2 O-O-O 13. Qa3 Kb8 14. Qe7
Rhf8 15. a4 c5 16. dxc5 Qxc5 17. Qxc5 Nxc5 18. Ne5 Nb3 19. Rd1 Nc5 20. Rd4 Nfd7
21. Nxd7+ Rxd7 22. Bb5 e5 23. Rh4 Rc7 24. a5 a6 25. Be2 Nb3 26. Ra4 Nc1 27. Kd2
Nb3+ 28. Kc2 Nc5 29. Ra3 Rh8 30. Bf3 Ne4 31. Bxe4 dxe4 32. Ra4 f5 33. Raa1 Rd7
34. Rad1 Rxd1 35. Kxd1 g5 36. Kc2 g4 37. b4 Kc7 38. c4 Kd7 39. b5 Ke6 40. bxa6
bxa6 41. Kc3 g5 42. Kb4 f4 43. Kc5 Rc8+ 44. Kb4 Rd8 45. exf4 gxf4 46. h4 gxh3
47. gxh3 Rd3 48. Kc5 e3 49. fxe3 Rxe3 50. Kb6 Rc3 51. Kxa6 Rxc4 52. Kb5 Rc8 53.
a6 e4 54. a7 e3 55. Kb6 f3 56. Kb7 Rf8 57. Re1 e2 58. a8=Q Rxa8 59. Kxa8 Kf6
60. Rc1 f2 61. Rc6+ Kg5 62. Rc8 f1=Q 63. h4+ Kxh4 64. Rh8+ Kg5 65. Rg8+ Kf6 66.
Kb7 Qb1+ 67. Ka6 e1=Q 68. Rf8+ Ke7 69. Rf4 Qe2+ 70. Ka7 Qea2+ 71. Ra4 Qxa4# {
Hossa checkmated} 0-1

[Event "ICS rated blitz match"]
[Site "204.178.125.65"]
[Date "2001.01.28"]
[Round "?"]
[White "ChesterX"]
[Black "Hossa"]
[Result "1-0"]
[WhiteElo "2623"]
[BlackElo "2541"]
[PlyCount "123"]
[EventDate "2001.??.??"]

1. d4 e6 2. c4 Nf6 3. Nf3 c5 4. d5 exd5 5. cxd5 d6 6. Nc3 g6 7. h3 Bg7 8. e4
O-O 9. Bd3 Qe7 10. O-O c4 11. Bc2 b6 12. Qe2 Ba6 13. Bg5 b5 14. Nd4 b4 15. Ncb5
Rc8 16. Qe3 Rc5 17. a4 bxa3 18. Nxa3 c3 19. Rfb1 cxb2 20. Rxb2 Nbd7 21. Nab5
Bxb5 22. Rxb5 Nxd5 23. Qd2 Qe5 24. Re1 Qxd4 25. Qxd4 Bxd4 26. Rxc5 Nxc5 27.
exd5 f6 28. Bf4 Be5 29. Be3 a5 30. f4 Bc3 31. Re2 a4 32. Bxc5 dxc5 33. d6 Rd8
34. Re6 a3 35. Bb3 Kf8 36. Kf2 h6 37. Bd5 g5 38. g3 gxf4 39. gxf4 Rd7 40. Kf3
h5 41. Kg3 Bd4 42. Bc4 Rh7 43. Ba2 Bb2 44. Kh4 Bc3 45. Bc4 Bd4 46. Re2 Rd7 47.
Re6 Ra7 48. Re2 Bc3 49. Kxh5 Rd7 50. Re6 Bd4 51. Kg6 Rg7+ 52. Kf5 Rd7 53. h4
Bb2 54. h5 Bc3 55. h6 Rh7 56. Re3 a2 57. Rg3 Ke8 58. Be6 Rh8 59. h7 Rf8 60. Rg8
c4 61. Rxf8+ Kxf8 62. h8=Q# {Hossa checkmated} 1-0

[Event "ICS rated blitz match"]
[Site "204.178.125.65"]
[Date "2001.01.28"]
[Round "?"]
[White "Hossa"]
[Black "monsoon"]
[Result "1-0"]
[WhiteElo "2529"]
[BlackElo "2524"]
[PlyCount "75"]
[EventDate "2001.??.??"]

1. Nf3 d5 2. d4 Nf6 3. c4 c6 4. Nc3 dxc4 5. a4 Bf5 6. Ne5 e6 7. f3 c5 8. e4
Bxe4 9. fxe4 cxd4 10. Bxc4 Be7 11. Nb5 Nxe4 12. O-O O-O 13. Nxf7 Qb6 14. a5 Qc5
15. Qd3 Qc8 16. Nxd4 Nc5 17. Qc3 Nc6 18. Nxc6 Qxc6 19. Bh6 Bf6 20. Rxf6 Qc7 21.
Rxe6 Nxe6 22. Nd8 Qc5+ 23. Be3 Qe7 24. Nxe6 Rfc8 25. Bg5 Rxc4 26. Qxc4 Qe8 27.
Nd8+ Kh8 28. Nf7+ Kg8 29. Nd6+ Kh8 30. Nxe8 Rxe8 31. Qf7 Rc8 32. Re1 h6 33.
Bxh6 gxh6 34. Re7 Rc1+ 35. Kf2 Rc2+ 36. Kg3 Rxg2+ 37. Kxg2 b6 38. Qg7# {
monsoon checkmated} 1-0

[Event "ICS rated blitz match"]
[Site "204.178.125.65"]
[Date "2001.01.28"]
[Round "?"]
[White "monsoon"]
[Black "Hossa"]
[Result "0-1"]
[WhiteElo "2508"]
[BlackElo "2545"]
[PlyCount "256"]
[EventDate "2001.??.??"]

1. d4 Nf6 2. c4 e6 3. Nc3 Bb4 4. Qc2 O-O 5. a3 Bxc3+ 6. Qxc3 b6 7. Bg5 Bb7 8.
f3 h6 9. Bh4 d5 10. e3 Nbd7 11. cxd5 Nxd5 12. Bxd8 Nxc3 13. Bh4 Nd5 14. Bf2 f5
15. Bb5 c6 16. Bd3 e5 17. Ne2 exd4 18. Nxd4 f4 19. e4 Ne5 20. Be2 Nc7 21. g3
fxg3 22. Bxg3 Rae8 23. O-O-O Nb5 24. Nf5 Bc8 25. Nh4 g5 26. Bxe5 Rxe5 27. Ng6
Rc5+ 28. Kb1 Re8 29. h4 Kh7 30. hxg5 Kxg6 31. gxh6 Kh7 32. Bd3 Rf8 33. Rdf1 Nd4
34. f4 Rf6 35. Ka1 Rxh6 36. f5 Rxh1 37. Rxh1+ Kg7 38. Ka2 Ra5 39. Rg1+ Kf8 40.
Rg6 c5 41. Bc4 Bd7 42. Bd5 Ke8 43. Rg8+ Ke7 44. Rg7+ Kd6 45. f6 Be6 46. Re7
Bxd5+ 47. exd5 Ra4 48. Re8 Kxd5 49. f7 Ne6 50. Rxe6 Rf4 51. Re7 a5 52. Rb7 a4
53. Kb1 Rf2 54. Re7 Kd6 55. Rb7 Kd5 56. Rxb6 Rxf7 57. Ra6 Rf4 58. Ka2 Rd4 59.
Ra7 Rg4 60. Ra5 Re4 61. Ra8 Rh4 62. Rd8+ Kc4 63. Rg8 Rh6 64. Ra8 Kb5 65. Ra7
Rh8 66. Rg7 Re8 67. Rb7+ Ka6 68. Rc7 Kb6 69. Rf7 Rd8 70. Kb1 Rd2 71. Kc1 Re2
72. Rd7 Kb5 73. Kd1 Rh2 74. Rd2 Rh3 75. Kc2 Kc4 76. Rg2 Rh4 77. Rf2 Rg4 78. Rh2
Re4 79. Kd2 Kb3 80. Kd3 Re1 81. Rh4 Rd1+ 82. Ke3 Rc1 83. Rf4 Rc2 84. Kd3 Rxb2
85. Rf3 Rc2 86. Ke4+ Rc3 87. Rf6 Kc4 88. Rf4 Rxa3 89. Rh4 Rd3 90. Rh1 a3 91.
Rc1+ Rc3 92. Rb1 a2 93. Ra1 Rb3 94. Rc1+ Kb5 95. Rh1 a1=Q 96. Rxa1 c4 97. Rh1
Rg3 98. Rh7 c3 99. Kf4 Rg1 100. Rc7 Kb4 101. Rc8 Re1 102. Rc7 Kb3 103. Rb7+ Kc2
104. Rc7 Kd2 105. Rd7+ Kc1 106. Rc7 c2 107. Kf3 Re5 108. Kf4 Rb5 109. Ke3 Kb2
110. Kd2 Rd5+ 111. Ke2 Re5+ 112. Kd2 c1=Q+ 113. Rxc1 Rd5+ 114. Ke3 Kxc1 115.
Kf4 Rh5 116. Ke4 Kd2 117. Kd4 Ra5 118. Kc4 Ke3 119. Kb4 Rd5 120. Kc4 Re5 121.
Kb3 Re4 122. Kc3 Ke2 123. Kb2 Kd3 124. Kb3 Kd2 125. Kb2 Re3 126. Ka1 Rb3 127.
Ka2 Kc2 128. Ka1 Ra3# {monsoon checkmated} 0-1

[Event "ICS rated standard match"]
[Site "204.178.125.65"]
[Date "2001.01.28"]
[Round "?"]
[White "Hossa"]
[Black "CosmicJoke"]
[Result "0-1"]
[WhiteElo "2336"]
[BlackElo "2504"]
[PlyCount "91"]
[EventDate "2001.??.??"]

1. Nf3 f5 2. d4 Nf6 3. d5 c6 4. c4 Qa5+ 5. Bd2 Qb6 6. Bc3 Ne4 7. Qd4 e6 8. Qxb6
axb6 9. dxe6 dxe6 10. Bd4 Na6 11. Nc3 Nb4 12. Rc1 Nxa2 13. Ra1 Bb4 14. Nd2 Nxd2
15. Rxa2 Rxa2 16. Nxa2 Nf3+ 17. Kd1 Nxd4 18. Nxb4 e5 19. e3 Ne6 20. Nd3 e4 21.
Nc1 Ke7 22. Kc2 Rf8 23. Be2 f4 24. Kc3 fxe3 25. fxe3 Rf2 26. Rg1 Nd8 27. Kd4
c5+ 28. Kc3 Nf7 29. h3 Ne5 30. Bf1 h5 31. Rh1 Be6 32. Rg1 Nc6 33. Nb3 Nb4 34.
Nd2 b5 35. b3 Bd7 36. g4 bxc4 37. Bxc4 b5 38. Bg8 hxg4 39. hxg4 Re2 40. Bh7
Rxe3+ 41. Kb2 Re2 42. Kc1 e3 43. Nb1 Rh2 44. Bg6 Kf6 45. Be4 Ke5 46. Bg6 {
Hossa resigns} 0-1

[Event "ICS rated standard match"]
[Site "204.178.125.65"]
[Date "2001.01.28"]
[Round "?"]
[White "Hossa"]
[Black "Bootemout"]
[Result "1-0"]
[WhiteElo "2327"]
[BlackElo "2057"]
[PlyCount "113"]
[EventDate "2001.??.??"]

1. e4 c6 2. d4 d6 3. Nf3 Bg4 4. Bf4 Qb6 5. b3 Nd7 6. Be2 Ngf6 7. Nc3 Qa5 8. Bd2
Qc7 9. O-O g6 10. a3 Bg7 11. Ng5 Bxe2 12. Qxe2 O-O 13. f4 e5 14. fxe5 dxe5 15.
dxe5 Nxe5 16. Bf4 Nh5 17. Be3 h6 18. Nh3 Ng4 19. Qxg4 Bxc3 20. Rad1 Rad8 21.
Bxh6 Rxd1 22. Qxd1 Rd8 23. Qf3 Bd4+ 24. Nf2 Re8 25. c3 Bb6 26. Kh1 Bxf2 27.
Rxf2 Ng7 28. Rf1 Ne6 29. Qf2 b6 30. a4 Rd8 31. Qf6 Rd3 32. g3 c5 33. b4 c4 34.
a5 b5 35. a6 Qd7 36. Kg2 Rd6 37. Rf2 Rd1 38. h3 Rd3 39. Kh2 Qc7 40. e5 Rxc3 41.
g4 Rd3 42. h4 Rd7 43. h5 Qd8 44. hxg6 Qxf6 45. Rxf6 Nd4 46. e6 Nxe6 47. gxf7+
Rxf7 48. Rxe6 Rc7 49. Bf4 Rd7 50. Re8+ Kf7 51. Rb8 Ke6 52. Rxb5 Rd4 53. Kg3 c3
54. Re5+ Kf6 55. Rc5 Rxb4 56. Rc6+ Ke7 57. Bd6+ {Bootemout resigns} 1-0

[Event "ICS rated blitz match"]
[Site "204.178.125.65"]
[Date "2001.01.28"]
[Round "?"]
[White "Hossa"]
[Black "CosmicJoke"]
[Result "0-1"]
[WhiteElo "2559"]
[BlackElo "2725"]
[PlyCount "124"]
[EventDate "2001.??.??"]

1. e4 e5 2. f4 exf4 3. Nf3 d6 4. Nc3 g5 5. h3 Bg7 6. d4 h5 7. Nd5 c6 8. Nc3 g4
9. Ng1 Qh4+ 10. Ke2 gxh3 11. Nf3 Qg3 12. gxh3 Bg4 13. Qd3 Bxf3+ 14. Qxf3 Bxd4
15. Bxf4 Qg6 16. Kd2 Nd7 17. Bd3 Ne5 18. Bxe5 dxe5 19. Raf1 Rd8 20. Ne2 Bxb2
21. Rb1 Ba3 22. Rxb7 Ne7 23. Rxa7 Qg5+ 24. Kd1 Bb4 25. c3 Bc5 26. Rb7 Rh6 27.
Rf1 Rxd3+ 28. Qxd3 Rd6 29. Nd4 exd4 30. c4 Qe3 31. Rb8+ Kd7 32. Rb7+ Ke6 33.
Kc2 Ng6 34. Rf5 Ba3 35. Qxe3 dxe3 36. Rb1 Rd2+ 37. Kc3 Bb2+ 38. Kb3 e2 39. Re1
Be5 40. Rf2 Nf4 41. Ka4 Rxa2+ 42. Kb3 Rb2+ 43. Ka4 Bc3 44. Rh1 Nd3 45. Rf3 Rb4+
46. Ka3 Bb2+ 47. Ka2 Ra4+ 48. Kb3 Ra3+ 49. Kc2 e1=N+ 50. Rxe1 Nxe1+ 51. Kxb2
Rxf3 52. h4 Rh3 53. Ka2 Rxh4 54. Kb3 Rxe4 55. Kc3 h4 56. Kb4 Kd6 57. Kb3 Kc5
58. Ka2 Kb4 59. Kb2 Kxc4 60. Kc1 Kc3 61. Kd1 Ng2 62. Kc1 Re1# {Hossa checkmated
} 0-1

[Event "ICS Rated blitz match"]
[Site "204.178.125.65"]
[Date "2001.01.28"]
[Round "?"]
[White "CosmicJoke"]
[Black "Hossa"]
[Result "1-0"]
[WhiteElo "2734"]
[BlackElo "2550"]
[PlyCount "143"]
[EventDate "2001.??.??"]

1. Nf3 f5 2. d4 Nf6 3. g3 e6 4. Bg2 Be7 5. O-O O-O 6. c4 d6 7. Nc3 a6 8. Bf4
Re8 9. Qb3 a5 10. Ne1 Ra6 11. Rd1 Kh8 12. Kh1 Nc6 13. Nc2 Qd7 14. Rd3 Ng4 15.
Bd2 e5 16. Nd5 e4 17. Rc3 a4 18. Qa3 Bd8 19. Ncb4 Ra7 20. h3 Nf6 21. Nxc6 bxc6
22. Ne3 Qf7 23. c5 d5 24. Nc2 Qh5 25. Re1 f4 26. gxf4 Qh4 27. Nb4 Bd7 28. Rf1
Nh5 29. b3 Nxf4 30. Bxf4 Qxf4 31. bxa4 Bf6 32. a5 Qh4 33. e3 Bxh3 34. Rb1 Rea8
35. a6 Rf8 36. Rc2 Be7 37. Qb2 Rb8 38. Qa1 Bd7+ 39. Kg1 Raa8 40. Rcb2 Rf8 41.
Rc1 Rf7 42. Qb1 Raf8 43. Rf1 Qg5 44. Nc2 Bg4 45. Ne1 Qf5 46. a7 Bh4 47. Qc2 Ra8
48. f3 Qg5 49. Rb8+ Rf8 50. Rxf8+ Rxf8 51. fxg4 Qxe3+ 52. Kh1 Bf6 53. Qa4 Qh6+
54. Kg1 Qe3+ 55. Kh2 Qh6+ 56. Bh3 Ra8 57. Ng2 Be7 58. Rb1 Bd6+ 59. Kg1 g6 60.
cxd6 Kg7 61. Qxc6 Qd2 62. Qxa8 Qxd4+ 63. Kh1 Qd3 64. Qb7 Qxh3+ 65. Kg1 Qxg4 66.
a8=Q Qd7 67. dxc7 Kh6 68. Qf8+ Kh5 69. Qf6 g5 70. c8=Q d4 71. Qbxd7 h6 72. Qg4#
{Hossa checkmated} 1-0

[Event "ICS rated blitz match"]
[Site "204.178.125.65"]
[Date "2001.01.28"]
[Round "?"]
[White "Hossa"]
[Black "WinChesser"]
[Result "1-0"]
[WhiteElo "2542"]
[BlackElo "2209"]
[PlyCount "159"]
[EventDate "2001.??.??"]

1. Nf3 d5 2. d4 c6 3. Bf4 Nf6 4. e3 Bf5 5. Nbd2 e6 6. Bd3 Bg6 7. Bxg6 hxg6 8.
Qe2 Bd6 9. Bxd6 Qxd6 10. c4 Nbd7 11. O-O-O b5 12. c5 Qc7 13. h3 a5 14. g4 a4
15. g5 Ng8 16. Kb1 b4 17. e4 Ne7 18. Rc1 Nc8 19. exd5 cxd5 20. c6 Ndb6 21. Qe5
Qxe5 22. Nxe5 Nd6 23. c7 Rc8 24. Rc6 Nbc4 25. Ndxc4 Nxc4 26. Nxc4 dxc4 27. Rxc4
Kd7 28. Rxb4 Rxc7 29. Rxa4 Rhc8 30. Ra5 Rc2 31. Rc5 R2xc5 32. dxc5 Rxc5 33. Rg1
Rf5 34. Rg2 Rf3 35. Rh2 Kc6 36. h4 Kd5 37. Kc2 e5 38. b3 Kd4 39. Kb2 e4 40. a4
Kd3 41. a5 Rf5 42. a6 Ra5 43. Rh3+ Kd4 44. Rc3 Rxa6 45. Rc7 f6 46. Rxg7 fxg5
47. hxg5 Ra5 48. Rxg6 Rf5 49. Rd6+ Kc5 50. Rd2 Rxg5 51. Ka3 Rf5 52. Ka4 Rf4 53.
b4+ Kb6 54. Rc2 Rf3 55. Re2 Rf4 56. Kb3 Rf3+ 57. Kc4 Rf4 58. Kd5 e3 59. fxe3
Rxb4 60. Rc2 Rb5+ 61. Kd4 Rb1 62. e4 Rd1+ 63. Ke5 Re1 64. Kf5 Rf1+ 65. Ke6 Rh1
66. e5 Rh6+ 67. Ke7 Rh7+ 68. Kd6 Rh6+ 69. e6 Rh1 70. Rd2 Re1 71. e7 Kb7 72. Rd5
Kc8 73. Rc5+ Kb8 74. Re5 Rd1+ 75. Ke6 Re1 76. e8=R+ Kc7 77. Rxe1 Kc6 78. Rb8
Kc5 79. Re4 Kc6 80. Rc4# {WinChesser checkmated} 1-0

[Event "ICS Rated bullet match"]
[Site "204.178.125.65"]
[Date "2001.01.28"]
[Round "?"]
[White "ChesterX"]
[Black "Hossa"]
[Result "1-0"]
[WhiteElo "2554"]
[BlackElo "2516"]
[PlyCount "145"]
[EventDate "2001.??.??"]

1. e4 e5 2. f4 exf4 3. Nf3 d6 4. Bc4 Be6 5. Bxe6 fxe6 6. d4 Qf6 7. Nc3 Na6 8.
Ne2 e5 9. dxe5 dxe5 10. Qd5 Nc5 11. Qxe5+ Qxe5 12. Nxe5 Nxe4 13. Bxf4 Bd6 14.
Nd3 Ngf6 15. Bxd6 cxd6 16. O-O-O Rf8 17. Nef4 Ke7 18. Rhe1 Rae8 19. Nh5 Kf7 20.
Nxf6 Kxf6 21. g3 g5 22. Nb4 Kg6 23. Rd4 Nf6 24. Rf1 a5 25. Nd3 Re6 26. h4 h5
27. hxg5 Kxg5 28. Nf4 Ree8 29. Nh3+ Kg6 30. Rxd6 Kg7 31. Nf4 Rf7 32. Ne6+ Kg8
33. Ng5 Rg7 34. Rf5 Ng4 35. Rxa5 Rge7 36. Nf3 Rh7 37. b3 Ne3 38. Rg5+ Kf8 39.
Ne5 Ra8 40. Rd3 Ng4 41. Nd7+ Ke7 42. Nb6 Rah8 43. Kb1 Kf6 44. Rb5 Ke6 45. Nd5
Ne5 46. Re3 Kf5 47. Nb6 Kg4 48. Rbxe5 Rf7 49. Rd3 Rf2 50. Re7 Rf1+ 51. Kb2 Rg8
52. Rxb7 Rg5 53. Nc4 Rg1 54. a4 Rxg3 55. Rd6 Rf3 56. Nd2 Re3 57. Rf7 Kh3 58. b4
Re2 59. c4 Rg8 60. b5 Ra8 61. Kb3 Re3+ 62. Kb4 Rc8 63. a5 Rg3 64. a6 h4 65. b6
Kg2 66. b7 Rh8 67. a7 Rgg8 68. a8=Q Rxa8 69. Rg6+ Kh2 70. Rf2+ Kh1 71. Rf1+ Kh2
72. Nf3+ Kh3 73. Rh1# {Hossa checkmated} 1-0

[Event "ICS rated blitz match"]
[Site "204.178.125.65"]
[Date "2001.01.28"]
[Round "?"]
[White "Hossa"]
[Black "Lundbotanmats"]
[Result "1-0"]
[WhiteElo "2546"]
[BlackElo "2007"]
[PlyCount "87"]
[EventDate "2001.??.??"]

1. Nf3 e6 2. d4 d5 3. Bg5 Be7 4. Bxe7 Nxe7 5. e3 c6 6. Bd3 O-O 7. c3 Ng6 8.
Nbd2 f5 9. h4 Nd7 10. h5 Ne7 11. h6 g6 12. Ng5 Nf6 13. Nb3 b6 14. Rb1 Ne4 15.
Nf3 a5 16. Ne5 Ba6 17. Bxa6 Rxa6 18. f3 Nd6 19. O-O Nf7 20. Qe2 Ra7 21. f4 Nxe5
22. fxe5 Nc8 23. Qf2 Qg5 24. Qf4 Qh5 25. Qh2 Qg5 26. Rf4 Raf7 27. Nd2 Qe7 28.
Qg3 Kh8 29. Nf3 c5 30. Ng5 c4 31. Rbf1 b5 32. R4f3 b4 33. R3f2 Qb7 34. Nxe6 Re8
35. Nc5 Qc6 36. Qf4 Nb6 37. e6 Rxe6 38. Nxe6 Qxe6 39. Qb8+ Nc8 40. cxb4 axb4
41. Qxb4 Kg8 42. Qb8 Rf8 43. Qc7 Nd6 44. Qg7# {Lundbotanmats checkmated} 1-0

[Event "ICS rated blitz match"]
[Site "204.178.125.65"]
[Date "2001.01.28"]
[Round "?"]
[White "Lundbotanmats"]
[Black "Hossa"]
[Result "0-1"]
[WhiteElo "2006"]
[BlackElo "2547"]
[PlyCount "63"]
[EventDate "2001.??.??"]

1. d4 Nf6 2. Nf3 g6 3. e3 Bg7 4. Bd3 O-O 5. Nbd2 d5 6. O-O Bh6 7. c3 b6 8. Qe2
c5 9. dxc5 bxc5 10. e4 Nh5 11. g3 Bh3 12. Rd1 e6 13. exd5 exd5 14. Nf1 Re8 15.
Qxe8+ Qxe8 16. Bxh6 Nc6 17. Re1 Qd7 18. Ne5 Nxe5 19. Rxe5 Nf6 20. Rae1 Qa4 21.
Ne3 d4 22. Nd5 Nxd5 23. Rxd5 Qxa2 24. Rde5 Be6 25. f4 Qxb2 26. f5 gxf5 27. Bxf5
Qxc3 28. Bxe6 fxe6 29. Rxe6 d3 30. Re7 d2 31. Rg7+ Qxg7 32. Bxg7 {
Lundbotanmats resigns} 0-1

[Event "ICS rated blitz match"]
[Site "204.178.125.65"]
[Date "2001.01.28"]
[Round "?"]
[White "Hossa"]
[Black "Lundbotanmats"]
[Result "1-0"]
[WhiteElo "2548"]
[BlackElo "2005"]
[PlyCount "153"]
[EventDate "2001.??.??"]

1. Nf3 e6 2. d4 d5 3. Bg5 Be7 4. Bxe7 Qxe7 5. c3 b6 6. e3 Nf6 7. Na3 c6 8. Bd3
Ba6 9. Bxa6 Nxa6 10. Ne5 Nb8 11. O-O O-O 12. Nc2 Nfd7 13. Qh5 Nxe5 14. Qxe5 Nd7
15. Qc7 Rfc8 16. Qf4 e5 17. Qg4 Nf6 18. Qf5 e4 19. Rac1 g6 20. Qf4 b5 21. Qh4
Rc7 22. Na1 Nh5 23. Qxe7 Rxe7 24. Nb3 Ng7 25. Nc5 Ne6 26. Nxe6 Rxe6 27. b3 a5
28. c4 bxc4 29. bxc4 Rb8 30. cxd5 cxd5 31. Rc5 Ra6 32. Rxd5 Rb2 33. Rd8+ Kg7
34. Re8 f5 35. Ra1 a4 36. Re7+ Kh6 37. h4 a3 38. Rc7 Rd2 39. Rc3 Rd3 40. Rxd3
exd3 41. Rd1 Rb6 42. Rxd3 Ra6 43. f3 Kg7 44. e4 fxe4 45. fxe4 Kf6 46. Kf2 Ke6
47. Kf3 Kf6 48. Rc3 Ke6 49. Rc7 h5 50. Kf4 Rb6 51. Ra7 Rb2 52. Rxa3 Rxg2 53.
Ra6+ Kf7 54. Ra7+ Kf6 55. e5+ Ke6 56. Rg7 Rg4+ 57. Ke3 Rxh4 58. Rxg6+ Kd5 59.
Rd6+ Kc4 60. a4 Rh3+ 61. Ke4 Ra3 62. Rc6+ Kb4 63. e6 Rxa4 64. e7 Ra8 65. Kd5
Kb5 66. Rc2 Re8 67. Rb2+ Ka4 68. Ke6 h4 69. Rh2 h3 70. Kf7 Rxe7+ 71. Kxe7 Kb4
72. d5 Kc4 73. d6 Kd4 74. Rxh3 Ke4 75. d7 Kf4 76. d8=Q Kg4 77. Qd3 {
Lundbotanmats resigns} 1-0

[Event "ICS rated blitz match"]
[Site "204.178.125.65"]
[Date "2001.01.28"]
[Round "?"]
[White "Lundbotanmats"]
[Black "Hossa"]
[Result "0-1"]
[WhiteElo "2004"]
[BlackElo "2549"]
[PlyCount "94"]
[EventDate "2001.??.??"]

1. d4 Nf6 2. Nf3 g6 3. e3 Bg7 4. Bd3 O-O 5. O-O d5 6. Nbd2 Nc6 7. c3 Qd6 8. Qe2
Re8 9. e4 e5 10. dxe5 Nxe5 11. Nxe5 Qxe5 12. f4 Qe7 13. e5 Qc5+ 14. Qf2 Qxf2+
15. Rxf2 Nd7 16. Nf3 f6 17. Re2 fxe5 18. fxe5 Nxe5 19. Nxe5 Rxe5 20. Rxe5 Bxe5
21. Bg5 Bg4 22. h3 Bd7 23. Re1 Re8 24. Rd1 Rf8 25. Bh6 Rf7 26. c4 Bxb2 27. cxd5
Be5 28. d6 Be6 29. dxc7 Bd4+ 30. Kh1 Rxc7 31. Bxg6 hxg6 32. Rxd4 Bxa2 33. Ra4
Rc2 34. Rxa7 Bd5 35. Ra8+ Kf7 36. Rf8+ Ke7 37. Rf4 Rxg2 38. Rd4 Rd2+ 39. Rxd5
Rxd5 40. h4 Rh5 41. Bg5+ Rxg5 42. hxg5 b5 43. Kg2 b4 44. Kf2 b3 45. Ke2 b2 46.
Kd2 b1=Q 47. Ke3 Qc1+ {Lundbotanmats resigns} 0-1